000
00284nam a2200121Ia 4500
005
20251222144653.0
008
251222s9999||||xx |||||||||||||| ||spa||
082
_a
234.16/B22
245
0
_a
Los Cristos de Lima
250
_a
1ra. ed.
264
_b
Catedral Metropolitana
942
_c
LIB
999
_c
17126
_d
17126